| 000 | 01495 a2200181 4500 | ||
|---|---|---|---|
| 003 | Nust | ||
| 005 | 20230307113340.0 | ||
| 040 | _cNust | ||
| 082 | _a355.033,RAB | ||
| 100 |
_aRabbani Wahid Bakhsh _9358 |
||
| 245 |
_aThe Magnificent Power Potential of Pakistan / _cWahid Bakhsh Rabbani |
||
| 260 |
_aPakistan _bArmy Edu press _c2001 |
||
| 300 | _axviii,571 p.; | ||
| 505 | _a The Objectives and Prime Focus of this Book (Page-1), The Ideology of Pakistan (Page-13), The Blessedness of Jehad (Page-35), Migration of the Prophet (Page-79), The Prophet of Islam and the Principles of War (Page-87), ‘Ghazawwat’ of the Prophet Were Defensive and not Aggressive (Page-95), Muslim Conquest Of Persia (Page-161), Islamic War with Byzantium and Glimpses of the Valour of Mujhidden (Page-179), Muslim Conquest of Spain (Page-187), First Clash Between the Muslims and the Combined Armies of Europe (Page-205), The Holy Wars (Page-213), Mongol and The ordeal of the Muslim World (Page-253), The Ottoman Empire (Page-261), Glimpses of Muslim Valour In the Sub Continent (Page-279), Hindu Religion and the Old Tribes of India (Page-319), Islamic Influence on India (Page-329), Indo Pak Relations (Page-357), The Issues Confronting Pakistan and the Means Available to Resolve Them (Page-381), The Vastness of Pakistani Ideology (Page-495), Important Suggestions for the Development of Ummah (Page-551). | ||
| 600 |
_aWahid Bakhsh Rabbani _9109940 |
||
| 650 |
_aPower Potential _9359 |
||
| 942 |
_2ddc _cBK |
||
| 999 |
_c185669 _d185669 |
||